Historia Austrii - Państwa - Statystyki

Ogólne statystyki
  • Ten quiz został rozwiązany 57 razy
  • Średni wynik to 6 z 16
Statystyki odpowiedzi
Państwo Lata % Poprawnych
Austro-Węgry 1867–1918
93%
Cesarstwo Austrii 1804-1867
64%
Republika Austriacka 1919-1934
58%
Republika Austriacka 1955-Dziś
58%
III Rzesza 1938-1945
47%
Arcyksięstwo Austriackie 1359
42%
Arcyksięstwo Austriackie 1453-1804
42%
Arcyksięstwo Austriackie 1918
42%
Amerykańska Strefa Okupacyjna 1945-1955
36%
Brytyjska Strefa Okupacyjna 1945-1955
36%
Francuska Strefa Okupacyjna 1945-1955
36%
Radziecka Strefa Okupacyjna 1945-1955
33%
Księstwo Austriackie 1156-1359
29%
Księstwo Austriackie 1359-1453
29%
Federalne Państwo Austriackie 1934-1938
2%
Republika Niemieckiej Austrii 1918-1919
2%
Nie znaleziono quizów pasujących do podanych kryteriów
Rozkład punktacji
Procent ludzi z każdym wynikiem
Percentyl według liczby udzielonych odpowiedzi
Twoja historia wyników
Nie rozwiązałeś tego quizu